000 00296nam a22001337a 4500
008 181001b xxu||||| |||| 00| 0 eng d
020 _a9780023782428
041 _aeng
080 _24th
_a371
100 _a25
101 _aEDU
245 _aReading as communication
_cMay,F.B
942 _2udc
_cBK
999 _c48759
_d48759